| 000 | 00626nam a2200181 i 4500 | ||
|---|---|---|---|
| 001 | 73056 | ||
| 003 | ES-MaACL | ||
| 005 | 20230906171644.0 | ||
| 007 | t| | ||
| 008 | 040906s1949 sp ||||1| spa d | ||
| 100 | 1 |
_aGoldschmidt, Werner. _957681 |
|
| 245 | 1 | 0 |
_aDerecho penal _b: ajustado al programa de jueces comarcales / _cWerner Goldschmidt, Higinio Bartolomé. |
| 260 |
_aMadrid : _b[s.n., _c1949] |
||
| 300 |
_a2 t. en 1 v. ; _c22 cm. |
||
| 505 | 8 | _aContiene: T. I: Derecho penal. Parte general. -- T. II: Derecho penal. Parte especial | |
| 700 | 1 |
_aBartolomé, Higinio. _926162 |
|
| 852 |
_aES-MaACL _jD-7827 _bR.28459 |
||
| 999 |
_c73056 _d73056 |
||